000 00565cam a2200205 4500500
005 20260405003506.0
041 _afre
042 _adc
100 1 0 _aLarmagnac-Matheron, Octave
_eauthor
245 0 0 _aMachine molle
260 _c2022.
500 _a84
690 _aCorps
690 _aMachine
690 _aOrganisme
690 _aRobot
690 _aSoin
786 0 _nPhilosophie magazine | 159 | 5 | 2022-05-01 | p. 4-4 | 1951-1787
856 4 1 _uhttps://shs.cairn.info/magazine-philosophie-magazine-2022-5-page-4?lang=fr&redirect-ssocas=7080
999 _c2068069
_d2068069